000 02064nam a2200325 i 4500
001 000028746
003 DO-SdBNP
005 20250731094206.0
007 ta
008 110412s199- dr r 000 0 spa d
040 _aDO-SdBNP
_bspa
_cBNPHU
_erda
041 _aspa
082 4 _a348.044
_bR426co 199-
_222
110 1 _aRepública Dominicana.
_bSuprema Corte de Justicia
_97906
245 1 0 _aColección de las sentencias dictadas por la Suprema Corte de Justicia desde 1865 hasta 1873.
264 1 _aSanto Domingo :
_bSuprema Corte de Justicia,
_c199-.
300 _avolumenes ;
_c21 cm.
336 _atexto
_btxt
_2rdacontent
337 _asin mediación
_bn
_2rdamedia
338 _avolumen
_bnc
_2rdacarrier
490 1 _aColección Judicial
490 1 _aSerie "D" Historia
_v0, 1 y 2
505 _av.0--
_t1865-
_tActa de instalación--
_t1866--
_tSentencia anulando la copia de la sentencia del Tribunal de Comercio de fecha 28 de septiembre último y mandandose rectifique la dicha copia--
_t1867--
_tSentencia condenando a muerte al Teniente Coronel Antonio de Aza previa la degradación--
_t1868--
_tSentencia que condena á Obdulio Victoria y á Eugenio Racers á sufrir la pena de muerte, y á Pedro Juan Ginester á sufrir la pena de trabajos forzados á perpetuidad y átodos á las costas--
_t1869--
_tSentencia que condena al Coronel Juan Franco á la pena de muerte, prévia degradación; y al Presidente, Fiscal y Secretario del Consejo de Guerra de la Vega á la multa de cincuenta pesos--
_t1870--
_tAuto de la sala primera desestimando el pedimiento del abogado Wenceslao Reyes á nombre de Ibrahim Coen y condena al abogado Reyes á pagar trescientos francos de multa--
_gv. 1--
_tBoletines judiciales 1910-1911--
_gv.2--
_tBoletines judiciales 1911-1912.
590 _aInventariado, 2018/BT
650 4 _aAdministración de justicia
_zRepública Dominicana
_910274
650 4 _aLeyes
_zRepública Dominicana
_93033
830 0 _aJudicial ;
_pSerie "D" Historia
_v0, 1 y 2
_955747
910 _aValidado. Control de calidad. EMS
942 _2ddc
_cLBS1
999 _c28238
_d28238